Prostopašné hanbalky pro lidi a píďalky /

Hlavní autor: Fischer, Václav, 1926-2013
Další autoři: Pacák, Jan Antonín, 1941-2007
Jazyk: Čeština
Vydáno: Praha : Mladá fronta, 2008
Vydání: 1. vyd.
Témata:
Fyzický popis: 118 s. : il. ; 17 cm
Knihy
Uloženo v:
LEADER 01348cam a2200397 a 4500
001 nkc20081796155
003 CZ PrNK
005 20080807160849.0
007 ta
008 080318s2008 xr a g 000 p cze d
015 |a cnb001796155 
020 |a 978-80-204-1623-0  |q (váz.) 
035 |a (OCoLC)237068144 
040 |a KLG001  |b cze  |d BOA001  |d ABA001 
072 7 |a 821.162.3-1  |x Česká poezie  |2 Konspekt  |9 25 
080 |a 821.162.3-1  |2 MRF 
080 |a (0:82-17)  |2 MRF 
080 |a (0:82-993)  |2 MRF 
100 1 |a Fischer, Václav,  |d 1926-2013  |7 jk01031296  |4 aut 
245 1 0 |a Prostopašné hanbalky pro lidi a píďalky /  |c Václav Fischer ; ilustroval Jan Antonín Pacák 
246 1 4 |a Prostopášné hanbalky 
250 |a 1. vyd. 
260 |a Praha :  |b Mladá fronta,  |c 2008 
300 |a 118 s. :  |b il. ;  |c 17 cm 
655 7 |a česká poezie  |7 fd133958  |2 czenas 
655 7 |a humoristická poezie  |7 fd278805  |2 czenas 
655 7 |a erotická poezie  |7 fd203937  |2 czenas 
655 9 |a Czech poetry  |2 eczenas 
655 9 |a humorous poetry  |2 eczenas 
655 9 |a erotic poetry  |2 eczenas 
700 1 |a Pacák, Jan Antonín,  |d 1941-2007  |7 jn19990216134  |4 ill 
910 2 |a BOA001  |b 1-1202.345 
990 |a BK 
995 |a 01 
991 |b 200805 
996 6 |b 2610342007  |c 1-1202.345  |l MZK  |r Sklad / do 1 hodiny  |n 1  |p p.v.  |w 000895095  |u 000010  |a 1  |e BOA001  |j MZK50  |s P